|
|
|
|
| LEADER |
00000nab a2200000 4500 |
| 001 |
vtls011917633 |
| 003 |
SK-MaSNL |
| 005 |
20260318114504.0 |
| 008 |
200213c2018 xo er|n || ||00 c0ukr |
| 015 |
|
|
|a SNBRB2020/02
|
| 038 |
|
|
|a SVKPOCL
|
| 040 |
|
|
|a SVKPOCL
|b slo
|c SVKPOCL
|e rda
|
| 041 |
0 |
|
|a ukr
|
| 043 |
|
|
|a e-un---
|
| 044 |
|
|
|a xo
|c SK
|
| 072 |
|
7 |
|a 316.7
|x Sociológia kultúry. Kultúrny život
|2 konspekt
|
| 072 |
|
7 |
|a 316.3
|x Globálne spoločnosti. Sociálna štruktúra. Sociálne skupiny
|2 konspekt
|
| 080 |
|
|
|a 323.11"20"
|2 2011
|
| 080 |
|
|
|a (437.6)
|2 2011
|
| 080 |
|
|
|a (048.83)
|2 2011
|
| 080 |
|
|
|a 341.234:316.022.4(=161.25)
|2 2011
|
| 080 |
|
|
|a 316.022.4(=161.25)(091)
|2 2011
|
| 100 |
1 |
|
|a Šaškevyč, Marijan Semenovyč,
|d 1811-1843
|4 aut
|9 1631312
|
| 245 |
1 |
0 |
|a «Rusyny - holovnyj narod Schidnoji Halyččyny ... »
|c Marijan Šaškevyč
|
| 246 |
1 |
|
|i Spoločný názov:
|a Koho vvažav rusynamy Markijan Šaškevyč
|
| 336 |
|
|
|a text
|b txt
|2 rdacontent
|
| 337 |
|
|
|a bez média
|b n
|2 rdamedia
|
| 338 |
|
|
|a zväzok
|b nc
|2 rdacarrier
|
| 500 |
|
|
|a V rubrike Istorija
|
| 500 |
|
|
|a Doplňujúce údaje sú prevzaté z Wikipediji a zakarpat.brovdi.art
|
| 600 |
1 |
7 |
|a Šaškevyč, Markijan Semenovyč,
|d 1811-1843
|2 svkpocl
|9 1598818
|
| 630 |
0 |
7 |
|a «Rusalka Dnistrova» u vseukrajins'komu i svitovomu vymiri
|2 svkpocl
|9 1631313
|
| 630 |
0 |
7 |
|a «"Rus'ka Trijcja"u konteksti vyzvol'nych zmahan' i novoji ukrajins'koji literatúry»
|2 svkpocl
|9 1631314
|
| 648 |
|
7 |
|a 1772
|2 svkpocl
|9 562674
|
| 650 |
0 |
7 |
|a národnostné pomery
|2 SNKPH
|9 3861
|
| 650 |
0 |
7 |
|a národnostné menšiny
|2 SNKPH
|9 2669
|
| 650 |
0 |
7 |
|a spoločnosť a politika
|2 SNKPH
|9 1526
|
| 650 |
0 |
7 |
|a historiografia
|2 SNKPH
|9 3848
|
| 650 |
0 |
7 |
|a Ukrajinci
|2 SNKPH
|9 19025
|
| 650 |
0 |
7 |
|a etnické vzťahy
|2 SNKPH
|9 3862
|
| 650 |
0 |
7 |
|a národnosti
|2 SNKPH
|9 4722
|
| 650 |
0 |
7 |
|a štúdie
|2 SNKPH
|9 92810
|
| 650 |
0 |
7 |
|a kultúrne dejiny
|2 SNKPH
|9 4307
|
| 650 |
0 |
7 |
|a ukrajinistika
|2 SNKPH
|9 51200
|
| 650 |
0 |
7 |
|a Rusíni
|2 SNKPH
|9 4087
|
| 650 |
0 |
7 |
|a slavistika
|2 SNKPH
|9 4282
|
| 651 |
|
7 |
|a Ukrajina
|2 SNKPHgeo
|9 168045
|
| 651 |
|
7 |
|a Zakarpatská Ukrajina
|2 SNKPH
|9 55422
|
| 655 |
|
7 |
|a štúdie
|2 SNKPH
|9 57033
|
| 773 |
0 |
|
|t Nove žyttja
|g Roč. 68, č. 22 (2018), s. 5
|
| 787 |
0 |
8 |
|i Zo štúdie:
|t «Rus'ka Trijcja v konteksti vyzvoľnych zmahaň i novoji ukrajins'koji literatury»
|d Ľviv ; Winnipeg : Instytut ukrajinoznavstva imeni I. Kryp'jakevyča NAN Ukrajiny, 2004, S. 569-571
|z 9660233582
|g In: Šaškevyčiana : zbirnyk naukovych prac' : Vypusk 5-6
|
| 852 |
|
|
|a SVKPO
|b KIS3GCP
|
| 856 |
4 |
2 |
|u https://opac.ucu.edu.ua/cgi-bin/koha/opac-detail.pl?biblionumber=221813
|
| 958 |
|
|
|a RN
|
| 958 |
|
|
|a SS
|
| 958 |
|
|
|a SK
|
| 958 |
|
|
|a UA
|
| 958 |
|
|
|a UK
|
| 958 |
|
|
|a RC
|
| 999 |
|
|
|c 3364413
|d 3366343
|